000 00616nam a2200217Ia 4500
003 OSt
005 20221005130221.0
006 a|||||r|||| 00| 0
007 ta
008 221004b |||||||| |||| 00| 0 san d
024 _a48229
037 _cTextual
040 _aCRL
_cCRL
_bsan
041 _2san
_asan
082 _aQ224;24, 15F7
245 0 _aRamatapiniyopanisad with the comm Ramakasikaand Anandanidhi of Anand Vana.
490 _a(Princess of wales saraswati bhavan texts ed by Gopi Nath 24)
650 _aRELIGION
942 _hQ224;24, 15F7
_cTEXL
_2cc
999 _c1056457
_d1056457